Sonety /

Hlavní autor: Shakespeare, William, 1564-1616
Další autoři: Hodek, Břetislav, 1924-2007, Ulrich, Jindřich, 1950-
Jazyk: Čeština
Vydáno: Praha : Nadace Lyry Pragensis, 1995
Vydání: Vyd. 1.
Edice: Lyra Pragensis (Supraphon)
Témata:
Fyzický popis: 181 s. : barev. il. ; 7 cm
Knihy
Uloženo v:
LEADER 01367nam a2200385 a 4500
001 000063445
003 CZ BrMZK
005 20240806104142.0
008 950313s1995 xr g p cze d
015 |a cnb000137512 
020 |a 80-7059-055-6 
040 |a BOA001  |b cze 
041 1 |a cze  |h eng 
072 7 |a 821.111-1  |x Anglická poezie, anglicky psaná  |2 Konspekt  |9 25 
080 |a 821.111-1  |2 MRF 
080 |a (0:82-14)  |2 MRF 
080 |a (0:82-193.3)  |2 MRF 
100 1 |a Shakespeare, William,  |d 1564-1616  |7 jn19981002129  |4 aut 
245 1 0 |a Sonety /  |c William Shakespeare ; [z angličtiny] přeložil Břetislav Hodek ; ilustroval Jindřich Ulrich 
250 |a Vyd. 1. 
260 |a Praha :  |b Nadace Lyry Pragensis,  |c 1995 
300 |a 181 s. :  |b barev. il. ;  |c 7 cm 
490 1 |a Lyra Pragensis 
655 7 |a anglická poezie  |7 fd131807  |2 czenas 
655 7 |a lyrická poezie  |7 fd132781  |2 czenas 
655 7 |a sonety  |7 fd378879  |2 czenas 
655 9 |a English poetry  |2 eczenas 
655 9 |a lyric poetry  |2 eczenas 
655 9 |a sonnets  |2 eczenas 
700 1 |a Hodek, Břetislav,  |d 1924-2007  |7 jk01041453  |4 trl 
700 1 |a Ulrich, Jindřich,  |d 1950-  |7 xx0076611  |4 ill 
830 0 |a Lyra Pragensis (Supraphon)  |0 s 
910 |a BOA001  |b S-1018.902 
990 |a BK 
996 6 |b 2610034619  |c S-1018.902  |l MZK  |r Sklad / do 24 hodin  |n 7  |p p.v.  |w 000063445  |u 000010  |a 1  |e BOA001  |j MZK50  |s P